Największe miasta Łużyc z mapą - Statystyki

Ogólne statystyki
  • Ten quiz został rozwiązany 287 razy
    268 od ostatniego zresetowania
  • Średni wynik to 5 z 12
Odpowiedzi na mapie
Odpowiedzi zakodowano w zielono-czerwonej skali na mapie do tego quizu, zgodnie z poniższymi procentami.
 
Statystyki odpowiedzi
Liczba ludności Miasto Państwo % Poprawnych
30 738 Zgorzelec Polska
94%
18 385 Bogatynia Polska
77%
57 054 Görlitz Niemcy
76%
101 036 Cottbus (Chociebuż) Niemcy
67%
37 907 Żary Polska
59%
39 973 Bautzen (Budziszyn) Niemcy
46%
21 318 Lubań Polska
43%
26 777 Zittau (Żytawa) Niemcy
34%
33 116 Hoyerswerda Niemcy
13%
25 057 Eisenhüttenstadt Niemcy
11%
22 456 Spremberg (Gródek) Niemcy
9%
24 558 Seftenberg (Komorów Zły) Niemcy
5%
Nie znaleziono quizów pasujących do podanych kryteriów
Rozkład punktacji
Procent ludzi z każdym wynikiem
Percentyl według liczby udzielonych odpowiedzi
Twoja historia wyników
Nie rozwiązałeś tego quizu od ostatniego zresetowania